01345cam a22003015a 4500001000800000005001700008008004100025020001500066020001800081040003300099082002300132100002900155245009000184260005000274300003500324490008900359504004100448650003300489651001000522653002500532655002400557700004500581942000800626999001700634952015000651952012100801952012100922376922320151119144643.0830912t1985 njua frb 001 0 eng d a0135596092 a9780135596098 aDLCcDLCdDLCdEG-ScBUEbeng04a660.28423222bHIN1 aHines, Anthony L.93877210aMass transfer :bfundamentals and applications /cAnthony L. Hines, Robert N. Maddox. aUpper Saddle River :bPrentice-Hall,cc.1985. axiii, 542 p. :bill. ;c24 cm.0 aPrentice-Hall international series in the physical and chemical engineering sciences aIncludes bibliographies and indexes. 7aMass transfer.2BUEsh937175 2BUEsh bENGCHEcNovember2015 vReading book9342321 aMaddox, Robert N.q(Robert Nott),d1925- 2ddc c21062d21034 00102ddc40708BaccahaMAINbMAINc1STd2015-11-19ePurchaseg950.00l1o660.28423 HINp000031358r2025-07-15 00:00:00s2017-10-26v1188.00yBB 00102ddc40708BaccahaMAINbMAINc1STd2015-11-19ePurchasel0o660.28423 HINp000031357r2025-07-15 00:00:00yBB 00102ddc40708BaccahaMAINbMAINc1STd2015-11-19ePurchasel0o660.28423 HINp000031356r2025-07-15 00:00:00yBB